000 01504nam a2200349 c 4500
999 _c119975
_d119975
003 BLK
005 20240215085924.0
008 180409b bul|||||r ||||||| ||bul||
010 _aKNG00125591000
040 _aBLK
041 _aBUL
_cBUL
080 _aАмериканска литература (на САЩ)
_b821.111(73)
_x-322.9
_z821.111(73)-322.9
100 1 _aБредбъри, Рей Дъглас
_eпърви автор
_9364486
139 _aБредбъри, Рей
_bБ 80
245 1 0 _aВъзпявам електрическото тяло
_bРазкази
_cРей Дъглас Бредбъри; прев. от англ. Нели Константинова; прев. от англ. Александър Бояджиев.
257 _aUSA
260 _aПловдив
_bХристо Г. Данов
_c1982
300 _a320 с.
_c20 см
380 _aX
500 _aОриг. загл. I Sing the Body Electric. - 80 700 тир.
653 _aфантастика
653 _aразкази
700 1 _aКонстантинова, Нели
_eпрев. от англ.
_9364690
700 1 _aБояджиев, Александър
_eпрев. от англ.
_9368073
852 _aЦб 117293
856 4 _qpdf
_i0.00
_ldisable
856 4 _qpdf
_i0.00
_ldisable
942 _cKNG
_n0
_s1
_01
944 _aCR
_c09.09.2011
_lЦветомила Тодорова
_k30576
944 _aED
_c04.01.2018
_lф / 09.09.2011
_kЛюдмила_Стоянова
999 _d119975